Kannada Grantha Sampadana Shastra: ಕನ್ನಡ ಗ್ರಂಥ ಸಂಪಾದನ ಶಾಸ್ತ್ರ (Record no. 221541)
[ view plain ]
| 000 -LEADER | |
|---|---|
| fixed length control field | 01072nam a22002537a 4500 |
| 005 - DATE AND TIME OF LATEST TRANSACTION | |
| control field | 20220217114611.0 |
| 008 - FIXED-LENGTH DATA ELEMENTS--GENERAL INFORMATION | |
| fixed length control field | 220217b ||||| |||| 00| 0 eng d |
| 020 ## - INTERNATIONAL STANDARD BOOK NUMBER | |
| International Standard Book Number | 9788128011269 |
| 040 ## - CATALOGING SOURCE | |
| Transcribing agency | Aloy |
| 041 ## - LANGUAGE CODE | |
| Language code of text/sound track or separate title | kan |
| 082 ## - DEWEY DECIMAL CLASSIFICATION NUMBER | |
| Edition number | 23 |
| Classification number | 001.42K |
| Item number | KALK |
| 100 ## - MAIN ENTRY--PERSONAL NAME | |
| Personal name | M M Kalaburgi: ಎಂ ಎಂ ಕಲಬುರ್ಗಿ |
| 100 ## - MAIN ENTRY--PERSONAL NAME | |
| 9 (RLIN) | 20533 |
| 245 ## - TITLE STATEMENT | |
| Title | Kannada Grantha Sampadana Shastra: ಕನ್ನಡ ಗ್ರಂಥ ಸಂಪಾದನ ಶಾಸ್ತ್ರ |
| 260 ## - PUBLICATION, DISTRIBUTION, ETC. | |
| Place of publication, distribution, etc. | Bengaluru |
| Name of publisher, distributor, etc. | Sapna Book House |
| Date of publication, distribution, etc. | 2019 |
| 300 ## - PHYSICAL DESCRIPTION | |
| Extent | xii,281 p. |
| Other physical details | PB |
| Dimensions | 21x14 cm. |
| 365 ## - TRADE PRICE | |
| Source of price type code | Journalism |
| Price type code | BLCR-000121 |
| Price amount | 120.00 |
| Currency code | ₹ |
| Unit of pricing | 150.00 |
| Price note | 20% |
| Price effective from | 120.00 |
| Price effective until | 16-02-2022 |
| 650 ## - SUBJECT ADDED ENTRY--TOPICAL TERM | |
| Topical term or geographic name entry element | Itihasakhanda: ಇತಿಹಾಸಕಾಂಡ |
| 9 (RLIN) | 20534 |
| 650 ## - SUBJECT ADDED ENTRY--TOPICAL TERM | |
| Topical term or geographic name entry element | Lekhanakanda: ಲೇಖನಕಾಂಡ |
| 9 (RLIN) | 20535 |
| 650 ## - SUBJECT ADDED ENTRY--TOPICAL TERM | |
| Topical term or geographic name entry element | Hastapratikanda: ಹಸ್ತಪ್ರತಿಕಾಂಡ |
| 9 (RLIN) | 20536 |
| 650 ## - SUBJECT ADDED ENTRY--TOPICAL TERM | |
| Topical term or geographic name entry element | Sampadanakanda: ಸಂಪಾದನಕಾಂಡ |
| 9 (RLIN) | 20537 |
| 650 ## - SUBJECT ADDED ENTRY--TOPICAL TERM | |
| Topical term or geographic name entry element | Sheshakanda: ಶೇಷಕಾಂಡ |
| 9 (RLIN) | 20538 |
| 700 ## - ADDED ENTRY--PERSONAL NAME | |
| Personal name | KALABURI (M M): ಕಲಬುರ್ಗಿ (ಎಂ ಎಂ) |
| 9 (RLIN) | 20539 |
| 942 ## - ADDED ENTRY ELEMENTS (KOHA) | |
| Source of classification or shelving scheme | Dewey Decimal Classification |
| Koha item type | Book |
| Withdrawn status | Lost status | Source of classification or shelving scheme | Damaged status | Not for loan | Collection code | Home library | Current library | Date acquired | Source of acquisition | Cost, normal purchase price | Total Checkouts | Full call number | Barcode | Date last seen | Cost, replacement price | Price effective from | Koha item type |
|---|---|---|---|---|---|---|---|---|---|---|---|---|---|---|---|---|---|
| Dewey Decimal Classification | Journalism | St Aloysius Library | St Aloysius Library | 02/16/2022 | Navakarntaka Publications Pvt Ltd Mangaluru-575001 | 120.00 | 001.42K KALK | 075467 | 02/17/2022 | 150.00 | 02/17/2022 | Book |